000
00268nam a22001337a 4500
020
_a
1-8442-2661-1
082
_a
823
_b
HOR/P
100
_a
HORGREAVES
245
_a
PIRATES
260
_a
UK
_b
LADYBIRD
300
_a
29
650
_a
ENGLISH SHORT STORY
_z
UK
942
_c
BK
999
_c
2066
_d
2066